Rethinking college education /

Bibliographic Details
Main Author: Allan, George, 1935-
Format: Book
Language:English
Published: Lawrence, Kan. : University Press of Kansas, [1997]
Subjects:

MARC

Tag First Indicator Second Indicator Subfields
LEADER 00000cam a2200000 a 4500
001 in00001382221
005 20151019175301.0
008 970326s1997 ksu b s001 0 eng
010 |a  97011680  
020 |a 0700608427 (alk. paper) 
035 |a (OCoLC)36663003 
035 |9 AHL1406AM 
040 |a DLC  |c DLC  |d TXA  |d UtOrBLW 
043 |a n-us--- 
049 |a TXAM 
050 0 0 |a LB2322.2  |b .A45 1997 
082 0 0 |a 378.73  |2 21 
100 1 |a Allan, George,  |d 1935- 
245 1 0 |a Rethinking college education /  |c George Allan. 
264 1 |a Lawrence, Kan. :  |b University Press of Kansas,  |c [1997] 
264 4 |c ©1997 
300 |a xi, 228 pages ;  |c 24 cm. 
336 |a text  |b txt  |2 rdacontent 
337 |a unmediated  |b n  |2 rdamedia 
338 |a volume  |b nc  |2 rdacarrier 
504 |a Includes bibliographical references and index. 
650 0 |a Education, Higher  |z United States  |x Philosophy. 
650 0 |a Education, Higher  |x Aims and objectives  |z United States. 
650 0 |a Educational change  |z United States. 
999 |a MARS 
999 f f |s b128bc10-4a17-3170-aa64-6f52a6ab33d7  |i ec5a0b63-d200-3856-a234-6619c5398af4  |t 0 
952 f f |p normal  |a Texas A&M University  |b College Station  |c Sterling C. Evans Library  |d Evans: Library Stacks  |t 0  |e LB2322.2 .A45 1997  |h Library of Congress classification  |i unmediated -- volume  |m A14821511762 
998 f f |a LB2322.2 .A45 1997  |t 0  |l Evans: Library Stacks